[Event "40th Pan-American U20"]
[Site "El Salvador ESA"]
[Date "2015.07.19"]
[Round "6.1"]
[White "Cori Quispe, Kevin"]
[Black "Tang, Andrew"]
[Result "1/2-1/2"]
[WhiteElo "2369"]
[BlackElo "2365"]
[EventDate "2015.07.16"]
[PlyCount "29"]

1.e4 e5 2.Nf3 Nc6 3.d4 exd4 4.Nxd4 Nf6 5.Nxc6 bxc6 6.Qe2 Qe7 7.Nc3 Qe6 8.
Bd2 Bb4 9.f3 a5 10.Qe3 O-O 11.a3 Bxc3 12.Bxc3 Nd5 13.Qd4 Nxc3 14.Qxc3 Ba6 
15.Bxa6 1/2-1/2

[Event "40th Pan-American U20"]
[Site "El Salvador ESA"]
[Date "2015.07.19"]
[Round "6.2"]
[White "Singh, Vishnu"]
[Black "Chavez Estevez, Hayler David"]
[Result "0-1"]
[WhiteElo "2200"]
[BlackElo "2347"]
[EventDate "2015.07.16"]
[PlyCount "104"]

1.d4 Nf6 2.c4 c5 3.d5 b5 4.cxb5 a6 5.bxa6 Bxa6 6.g3 g6 7.Bg2 d6 8.Nf3 Bg7 
9.O-O O-O 10.Nc3 Nbd7 11.h3 Qc7 12.Rb1 Rfb8 13.b3 Ra7 14.Qc2 Rab7 15.Be3 
Qa5 16.Rfc1 Ne8 17.Nd2 Bxc3 18.Qxc3 Qxc3 19.Rxc3 Bxe2 20.Re1 Ba6 21.Bf4 
Nb6 22.Rce3 Nc8 23.Bg5 f6 24.Bh6 Kf7 25.h4 Bb5 26.Bh3 Bd7 27.Be6+ Bxe6 28.
dxe6+ Kg8 29.Rd3 Nb6 30.Bf4 Nc7 31.Ne4 Nbd5 32.Bd2 Ra7 33.Ra1 Nb4 34.Bxb4 
Rxb4 35.Re3 f5 36.Ng5 Kg7 37.a4 h6 38.Nf7 Ra8 39.a5 Rb5 40.a6 Rb6 41.a7 
Rb7 42.f3 Rbxa7 43.Rd1 Ra1 44.Rxa1 Rxa1+ 45.Kg2 Rd1 46.Nd8 Kf6 47.Kf2 h5 
48.Ke2 Ra1 49.Nc6 Nxe6 50.Kf2 Ra6 51.Nb8 Ra2+ 52.Kf1 Nd4 0-1

[Event "40th Pan-American U20"]
[Site "El Salvador ESA"]
[Date "2015.07.19"]
[Round "6.3"]
[White "Benedetti, Julio"]
[Black "Ampie, Mauro"]
[Result "1-0"]
[WhiteElo "2313"]
[BlackElo "2193"]
[EventDate "2015.07.16"]
[PlyCount "69"]

1.e4 c5 2.Nf3 e6 3.d4 cxd4 4.Nxd4 Nc6 5.Nc3 Qc7 6.Be3 a6 7.Qd2 Nf6 8.f4 b5
9.e5 b4 10.Ncb5 axb5 11.Nxb5 Qb8 12.exf6 gxf6 13.c4 bxc3 14.Nxc3 Rg8 15.
Rd1 Be7 16.Bd3 f5 17.O-O h5 18.Be2 h4 19.Bf3 Kf8 20.Rfe1 Ra6 21.Qe2 d6 22.
a3 Bb7 23.Nb5 Nd8 24.Nd4 Qa8 25.Rd2 Bf6 26.Bxb7 Qxb7 27.Nb5 h3 28.g3 Be7 
29.Nd4 Bf6 30.Nf3 Nc6 31.Rxd6 Qxb2 32.Qxb2 Bxb2 33.Rb1 Bxa3 34.Ra1 Ke7 35.
Rd3 1-0

[Event "40th Pan-American U20"]
[Site "El Salvador ESA"]
[Date "2015.07.19"]
[Round "6.4"]
[White "Lopez Gonzalez, Abel Fabian"]
[Black "Solano Cuya, Bryan"]
[Result "1/2-1/2"]
[WhiteElo "2251"]
[BlackElo "2149"]
[EventDate "2015.07.16"]
[PlyCount "80"]

1.b3 e5 2.Bb2 Nc6 3.e3 a6 4.c4 Nf6 5.Nf3 d6 6.Be2 Be7 7.O-O O-O 8.Nc3 h6 
9.Qc2 Bg4 10.a3 Qd7 11.b4 Rfe8 12.Rac1 Rad8 13.d3 Bf8 14.Nd5 Nh7 15.h3 Be6
16.Nd2 Ne7 17.Nxe7+ Bxe7 18.c5 c6 19.cxd6 Bxd6 20.Ne4 Bf5 21.Rfd1 Bb8 22.
Qc3 Qe7 23.Ng3 Bc8 24.Rd2 Qh4 25.Qc5 Ng5 26.Rc4 e4 27.Nf5 Bxf5 28.Qxf5 Rd5
29.Qg4 Qxg4 30.hxg4 exd3 31.Rxd3 Rxd3 32.Bxd3 Ne6 33.Kf1 Rd8 34.Ke2 Kf8 
35.g3 Ba7 36.f4 Bb6 37.Bc2 a5 38.Re4 axb4 39.axb4 c5 40.Bb3 Nc7 1/2-1/2

[Event "40th Pan-American U20"]
[Site "El Salvador ESA"]
[Date "2015.07.19"]
[Round "6.5"]
[White "Carrera Gonzalez, Enmanuel"]
[Black "Jimenez Garcia, Emmanuel"]
[Result "0-1"]
[WhiteElo "2171"]
[BlackElo "2210"]
[EventDate "2015.07.16"]
[PlyCount "66"]

1.e4 c5 2.Ne2 e6 3.d4 cxd4 4.Nxd4 a6 5.c4 Nf6 6.Nc3 d6 7.Be2 Be7 8.O-O O-O
9.Be3 Nbd7 10.f4 Qc7 11.Rc1 Re8 12.g4 Nc5 13.Bf3 e5 14.Nf5 Bxf5 15.exf5 
exf4 16.Bxf4 Bf8 17.g5 Nfe4 18.Nd5 Qd8 19.b4 Nd7 20.Re1 Nxg5 21.Rxe8 Nh3+ 
22.Kf1 Qxe8 23.Nc7 Qd8 24.Nxa8 Nxf4 25.Bxb7 Ne5 26.Qb3 Ned3 27.Qc2 Qe7 28.
Bc6 Nxc1 29.Qxc1 Qe2+ 30.Kg1 Nh3+ 31.Kh1 d5 32.Bxd5 Bd6 33.Bg2 Qe5 0-1

[Event "40th Pan-American U20"]
[Site "El Salvador ESA"]
[Date "2015.07.19"]
[Round "6.6"]
[White "Giron, Jorge Ernesto"]
[Black "Escalante Ramirez, Brian Sebas"]
[Result "0-1"]
[WhiteElo "2223"]
[BlackElo "2389"]
[EventDate "2015.07.16"]
[PlyCount "78"]

1.e4 e6 2.d4 d5 3.Nd2 Nf6 4.e5 Nfd7 5.Bd3 c5 6.c3 Nc6 7.Ngf3 cxd4 8.cxd4 
f6 9.exf6 Nxf6 10.O-O Bd6 11.Bb5 Qb6 12.Bxc6+ bxc6 13.Re1 O-O 14.Qc2 Bd7 
15.Nb3 Ne4 16.Rxe4 dxe4 17.Qxe4 Qb5 18.Be3 Qd5 19.Ng5 Rf5 20.Qg4 Be7 21.
Nf3 h5 22.Qg3 Bd6 23.Qh4 Raf8 24.Rc1 e5 25.dxe5 Bxe5 26.Nxe5 Rxe5 27.h3 
Re4 28.Qg3 h4 29.Qc7 Rc8 30.Qxa7 Bxh3 31.Qa6 Rf8 32.Qxc6 Qxc6 33.Rxc6 Rg4 
34.Kh2 Bxg2 35.Rc1 Rf3 36.Kg1 Rh3 37.f3 Bxf3+ 38.Kf2 Rg2+ 39.Kf1 Rh1+ 0-1

[Event "40th Pan-American U20"]
[Site "El Salvador ESA"]
[Date "2015.07.19"]
[Round "6.7"]
[White "Puppi Lazo, Jorge Luis"]
[Black "Hernandez Sanchez, Jairo Andre"]
[Result "1/2-1/2"]
[WhiteElo "2111"]
[BlackElo "2381"]
[EventDate "2015.07.16"]
[PlyCount "83"]

1.e4 c5 2.Nf3 Nc6 3.d4 cxd4 4.Nxd4 e5 5.Nb5 d6 6.N1c3 a6 7.Na3 b5 8.Nd5 
Nce7 9.c4 Nxd5 10.exd5 bxc4 11.Nxc4 Be7 12.Be3 Rb8 13.Rc1 Nf6 14.Be2 O-O 
15.O-O Rb5 16.a4 Rb8 17.a5 Bb7 18.Nb6 Nd7 19.b4 f5 20.f3 Nxb6 21.Bxb6 Qe8 
22.Qb3 Qf7 23.Rfd1 Bd8 24.b5 Bxb6+ 25.axb6 axb5 26.Rc7 Qf6 27.Qxb5 e4 28.
Qd7 Bc8 29.Qc6 Qb2 30.Bb5 exf3 31.gxf3 f4 32.b7 Bh3 33.Bf1 Qb3 34.Re1 Bf5 
35.Bg2 Qb4 36.Re2 Qd4+ 37.Rf2 Rfe8 38.Bf1 Qb4 39.Rg2 Qd4+ 40.Rf2 Qb4 41.
Rg2 Qd4+ 42.Rf2 1/2-1/2

[Event "40th Pan-American U20"]
[Site "El Salvador ESA"]
[Date "2015.07.19"]
[Round "6.8"]
[White "Squella Lavin, Carlos Felipe"]
[Black "Arias, Daniel"]
[Result "1/2-1/2"]
[WhiteElo "2183"]
[BlackElo "2242"]
[EventDate "2015.07.16"]
[PlyCount "82"]

1.d4 Nf6 2.c4 g6 3.Nc3 Bg7 4.g3 O-O 5.Bg2 d6 6.Nf3 Nc6 7.O-O a6 8.Bf4 Rb8 
9.c5 Bg4 10.d5 Bxf3 11.Bxf3 Na7 12.cxd6 cxd6 13.Be3 Nc8 14.a4 Nd7 15.Bg2 
b5 16.axb5 axb5 17.Bd4 Bxd4 18.Qxd4 b4 19.Na4 Ncb6 20.Bh3 Nxa4 21.Rxa4 Qb6
22.Qxb6 Nxb6 23.Rxb4 Nxd5 24.Rd4 Nb4 25.Rc1 d5 26.f4 e6 27.b3 Rb6 28.Bg2 
f5 29.Bf3 h5 30.h3 Rfb8 31.g4 hxg4 32.hxg4 Rc6 33.Rdd1 Kf7 34.gxf5 gxf5 
35.Kf2 Rxc1 36.Rxc1 Ke7 37.Rc3 Kd6 38.e3 Na2 39.Rc2 Nb4 40.Rc3 Na2 41.Rc2 
Nb4 1/2-1/2

[Event "40th Pan-American U20"]
[Site "El Salvador ESA"]
[Date "2015.07.19"]
[Round "6.9"]
[White "Husbands, Orlando"]
[Black "Melara, Moises"]
[Result "1-0"]
[WhiteElo "2234"]
[BlackElo "1772"]
[EventDate "2015.07.16"]
[PlyCount "87"]

1.e4 e6 2.d4 d5 3.Nc3 Bb4 4.e5 c5 5.a3 Ba5 6.b4 cxd4 7.Qg4 Ne7 8.Qxg7 Rg8 
9.Qxh7 Qc7 10.Nce2 Bb6 11.f4 Nbc6 12.Nf3 Bd7 13.Ng5 O-O-O 14.Nxf7 Rdf8 15.
Nd6+ Kb8 16.Qd3 Ng6 17.Nb5 Qd8 18.a4 Nxb4 19.Qb3 Ba5 20.Bd2 Nc6 21.g3 
Bxd2+ 22.Kxd2 Na5 23.Qb4 Nc4+ 24.Kc1 Bxb5 25.axb5 Qb6 26.Kb1 Rc8 27.Nc1 
Rc5 28.Bxc4 dxc4 29.Ra5 Ne7 30.Na2 Nd5 31.Qa4 Rgc8 32.h4 c3 33.Rd1 Rc4 34.
Qa3 R8c5 35.Ka1 Ne3 36.Rc1 Nf5 37.h5 a6 38.g4 Ne3 39.h6 Qc7 40.Nb4 Nxg4 
41.Rxa6 Qd7 42.Ra8+ Kc7 43.Qa5+ b6 44.Qa7# 1-0

[Event "40th Pan-American U20"]
[Site "El Salvador ESA"]
[Date "2015.07.19"]
[Round "6.10"]
[White "Johnson, Joshua"]
[Black "Hernandez, Mauricio Daniel"]
[Result "0-1"]
[WhiteElo "2211"]
[BlackElo "1926"]
[EventDate "2015.07.16"]
[PlyCount "100"]

1.e4 e5 2.Nf3 Nc6 3.Bb5 a6 4.Ba4 Nf6 5.O-O b5 6.Bb3 Bc5 7.c3 d6 8.d4 Bb6 
9.h3 O-O 10.Re1 h6 11.Qd3 Bb7 12.Nbd2 Re8 13.a3 Qd7 14.Ba2 Rad8 15.Nf1 d5 
16.dxe5 Nxe5 17.Nxe5 Rxe5 18.Qg3 Nxe4 19.Qxe5 Bxf2+ 20.Kh1 Re8 21.Rxe4 
Rxe5 22.Rxe5 d4 23.Kh2 dxc3 24.Re2 Qd6+ 25.Kh1 Bd4 26.bxc3 Bxc3 27.Bb2 
Bxb2 28.Rxb2 Qf6 29.Rab1 Be4 30.Re2 Bxb1 31.Re8+ Kh7 32.Bxb1+ g6 33.Bd3 
Qd6 34.Re3 Kg7 35.Be2 c5 36.Bf3 c4 37.Re2 Qxa3 38.Ne3 Qc5 39.Kg1 a5 40.Kf2
b4 41.Bd5 c3 42.Bb3 Qa7 43.Ra2 f5 44.Ke2 Qd4 45.Rxa5 Qd2+ 46.Kf3 Qb2 47.
Ra7+ Kf8 48.Be6 c2 49.Nd5 Qa3+ 50.Rxa3 bxa3 0-1

[Event "40th Pan-American U20"]
[Site "El Salvador ESA"]
[Date "2015.07.19"]
[Round "6.11"]
[White "Ruballo, Jose"]
[Black "Lopez Raygoza, Luis Albert"]
[Result "0-1"]
[WhiteElo "1662"]
[BlackElo "2138"]
[EventDate "2015.07.16"]
[PlyCount "86"]

1.e4 e5 2.Nf3 Nc6 3.Bb5 a6 4.Ba4 Nge7 5.c3 g6 6.O-O Bg7 7.d3 O-O 8.Re1 h6 
9.Nbd2 Kh7 10.Nf1 b5 11.Bb3 d5 12.Ne3 Be6 13.Bd2 Qd7 14.a4 f5 15.Nc2 Rad8 
16.axb5 axb5 17.Ra6 fxe4 18.dxe4 Bg4 19.exd5 Bxf3 20.gxf3 Nxd5 21.Bxh6 
Bxh6 22.Bxd5 Nb8 23.Re6 Qxd5 24.Qxd5 Rxd5 25.R1xe5 Rxe5 26.Rxe5 c6 27.Nd4 
Rf7 28.Re6 Bg7 29.Nxc6 Nxc6 30.Rxc6 Rxf3 31.Rc5 Rf5 32.Rxf5 gxf5 33.Kg2 
Kg6 34.Kf3 Kg5 35.h4+ Kf6 36.Ke3 Ke5 37.b3 Bh6+ 38.Kd3 Kf4 39.Ke2 Kg4 40.
c4 bxc4 41.bxc4 Bf8 42.f3+ Kxh4 43.Ke3 Bc5+ 0-1

[Event "40th Pan-American U20"]
[Site "El Salvador ESA"]
[Date "2015.07.19"]
[Round "6.12"]
[White "Colorado, Efrain"]
[Black "Guzman, Oswaldo"]
[Result "1-0"]
[WhiteElo "1841"]
[BlackElo "2066"]
[EventDate "2015.07.16"]
[PlyCount "133"]

1.e4 c5 2.Nc3 a6 3.Nf3 d6 4.d4 cxd4 5.Nxd4 Nf6 6.Be3 e5 7.Nb3 Be7 8.f3 Be6
9.Qd2 O-O 10.Be2 a5 11.a4 Na6 12.O-O Nb4 13.Nc1 d5 14.exd5 Nfxd5 15.Nxd5 
Nxd5 16.Nd3 Nxe3 17.Qxe3 Qd4 18.Qxd4 exd4 19.Nf4 Bd7 20.Nd5 Bc5 21.Bd3 Bc6
22.Nf4 Rfe8 23.b3 Bd6 24.Ne2 Bb4 25.Ng3 g6 26.Rf2 Kg7 27.Re2 f5 28.Rxe8 
Rxe8 29.Ne2 Rd8 30.Kf2 Kf6 31.Rc1 Bc5 32.Ng3 b6 33.Ne2 Be8 34.Kf1 Bf7 35.
Ng3 h5 36.Kf2 Bf8 37.Ne2 Bh6 38.f4 Bf8 39.h4 Bc5 40.g3 Bd5 41.Ng1 Re8 42.
Nf3 Re3 43.Ne5 Bd6 44.Nc4 Rf3+ 45.Ke2 Bc7 46.Rg1 Ke6 47.Nd2 Re3+ 48.Kf2 
Kf6 49.Re1 Rxe1 50.Kxe1 Ke7 51.Kf2 Ke6 52.Nf3 Bxf3 53.Kxf3 Kd5 54.Bc4+ Kc5
55.Ke2 Kd6 56.Bf7 g5 57.hxg5 h4 58.gxh4 Ke7 59.Bg6 Bxf4 60.Kf3 Bd2 61.Bxf5
Kf7 62.Kg4 Kg7 63.h5 Kh8 64.Be6 Kg7 65.h6+ Kh8 66.Kh5 d3 67.cxd3 1-0

[Event "40th Pan-American U20"]
[Site "El Salvador ESA"]
[Date "2015.07.19"]
[Round "6.13"]
[White "Munoz, Randall"]
[Black "Hernandez, Diego"]
[Result "1/2-1/2"]
[WhiteElo "1706"]
[BlackElo "1950"]
[EventDate "2015.07.16"]
[PlyCount "129"]

1.d4 g6 2.e4 Bg7 3.Nf3 c5 4.Be2 cxd4 5.Nxd4 Nc6 6.Be3 Nf6 7.Nc3 O-O 8.g4 
d5 9.Nxc6 bxc6 10.e5 Nd7 11.f4 Rb8 12.Na4 Qa5+ 13.c3 c5 14.O-O e6 15.g5 
Rd8 16.b3 Bf8 17.h4 Nb6 18.Nxb6 Qxb6 19.Qc2 d4 20.cxd4 cxd4 21.Bf2 Bb7 22.
Rac1 Rbc8 23.Qd3 Bc5 24.Kh2 Qc6 25.Rg1 Qd5 26.Kg3 Qe4 27.Qxe4 Bxe4 28.Bf3 
Bf5 29.Rgd1 Kg7 30.Bxd4 Bxd4 31.Rxc8 Rxc8 32.Rxd4 Rc3 33.Rd2 Be4 34.Rf2 
Rd3 35.Kg2 Bf5 36.Re2 h5 37.Kf2 a5 38.Be4 Bxe4 39.Rxe4 Rh3 40.Ra4 Rxh4 41.
Kg3 Rg4+ 42.Kf3 Rg1 43.Kf2 Rg4 44.Kf3 Rg1 45.Rxa5 h4 46.Rc5 Rg3+ 47.Kf2 
Rg4 48.Kf3 Rg3+ 49.Kf2 Rg4 50.Rc4 h3 51.Kf3 h2 52.Kxg4 h1=Q 53.Ra4 Kf8 54.
Kg3 Ke8 55.Kf2 Kd7 56.Ke3 Kc6 57.Kd3 Qf1+ 58.Kc3 Qf3+ 59.Kc2 Kc5 60.Rc4+ 
Kd5 61.a4 Qe3 62.Kb2 Qd2+ 63.Ka3 Qe1 64.Kb2 Qe2+ 65.Kc3 1/2-1/2

[Event "40th Pan-American U20"]
[Site "El Salvador ESA"]
[Date "2015.07.19"]
[Round "6.15"]
[White "Santiago Vilca, Christian"]
[Black "De Leon, Gabriel"]
[Result "1-0"]
[WhiteElo "1922"]
[BlackElo "1804"]
[EventDate "2015.07.16"]
[PlyCount "67"]

1.d4 Nf6 2.c4 g6 3.Nc3 Bg7 4.e4 d6 5.Nf3 O-O 6.Be2 Nc6 7.O-O e5 8.d5 Ne7 
9.b4 Ne8 10.c5 f5 11.Nd2 f4 12.Nc4 Rf7 13.a4 Bf8 14.Ba3 g5 15.b5 Ng6 16.
Rb1 Rg7 17.b6 g4 18.bxc7 Qh4 19.g3 Qh5 20.Re1 Nh4 21.Nd2 Rg6 22.Bc1 Nf6 
23.Kh1 Nf3 24.Bxf3 gxf3 25.Qxf3 Bg4 26.Qd3 Bh3 27.Nf3 Kh8 28.Rg1 Bg4 29.
Nh4 Rh6 30.Rxb7 Rc8 31.f3 fxg3 32.fxg4 Qxh4 33.Qxg3 Nxg4 34.Bxh6 1-0

[Event "40th Pan-American U20"]
[Site "El Salvador ESA"]
[Date "2015.07.19"]
[Round "6.16"]
[White "Ulloa, Ruben Guillermo"]
[Black "Mendez, Alan Steven"]
[Result "1-0"]
[WhiteElo "2016"]
[BlackElo "1744"]
[EventDate "2015.07.16"]
[PlyCount "41"]

1.d4 Nf6 2.c4 e6 3.Nf3 d5 4.g3 Be7 5.Bg2 O-O 6.O-O b6 7.Nc3 Bb7 8.cxd5 
Nxd5 9.Re1 c5 10.e4 Nxc3 11.bxc3 Nc6 12.d5 exd5 13.exd5 Na5 14.Ne5 Bf6 15.
f4 Re8 16.Qd3 Qd6 17.Qe4 Rad8 18.c4 b5 19.Bd2 Nxc4 20.Nxc4 Bd4+ 21.Qxd4 
1-0

[Event "40th Pan-American U20"]
[Site "El Salvador ESA"]
[Date "2015.07.19"]
[Round "6.17"]
[White "Lemus, Hector"]
[Black "Santos, Oliver"]
[Result "0-1"]
[WhiteElo "1616"]
[BlackElo "1690"]
[EventDate "2015.07.16"]
[PlyCount "70"]

1.e4 e5 2.Nf3 Nc6 3.d4 exd4 4.Nxd4 Bc5 5.Be3 Qf6 6.c3 Nge7 7.Be2 d5 8.Nxc6
Bxe3 9.fxe3 Qh4+ 10.Kf1 Qf6+ 11.Bf3 bxc6 12.Nd2 Ba6+ 13.Kf2 O-O 14.Re1 Qe5
15.Kg1 Rad8 16.Qc2 Rd6 17.Rad1 Rh6 18.h3 Qg3 19.Bg4 Qe5 20.Bf3 Rg6 21.a3 
f5 22.exd5 cxd5 23.Nb3 Qg3 24.Qf2 Qxh3 25.Bxd5+ Nxd5 26.Rxd5 Bc4 27.Rc5 
Bxb3 28.Rxc7 Bd5 29.Re2 Rxg2+ 30.Qxg2 Bxg2 31.Rxg2 Qxe3+ 32.Kh1 Qe1+ 33.
Rg1 Qh4+ 34.Kg2 Qg4+ 35.Kh1 Qh3# 0-1

[Event "40th Pan-American U20"]
[Site "El Salvador ESA"]
[Date "2015.07.20"]
[Round "7.1"]
[White "Tang, Andrew"]
[Black "Chavez Estevez, Hayler David"]
[Result "1-0"]
[WhiteElo "2365"]
[BlackElo "2347"]
[EventDate "2015.07.16"]
[PlyCount "41"]

1.d4 Nf6 2.c4 e6 3.Nf3 b6 4.g3 Bb7 5.Bg2 c5 6.d5 exd5 7.cxd5 Bxd5 8.Nc3 
Bc6 9.e4 Be7 10.e5 Ne4 11.Nd5 d6 12.Nh4 Bxh4 13.Bxe4 Be7 14.Qf3 Qd7 15.
Nxe7 Kxe7 16.Bg5+ Ke8 17.O-O-O f5 18.exf6 gxf6 19.Qxf6 Rf8 20.Bg6+ hxg6 
21.Rhe1+ 1-0

[Event "40th Pan-American U20"]
[Site "El Salvador ESA"]
[Date "2015.07.20"]
[Round "7.2"]
[White "Jimenez Garcia, Emmanuel"]
[Black "Cori Quispe, Kevin"]
[Result "0-1"]
[WhiteElo "2210"]
[BlackElo "2369"]
[EventDate "2015.07.16"]
[PlyCount "114"]

1.d4 Nf6 2.Nf3 e6 3.e3 b6 4.Bd3 Bb7 5.O-O c5 6.c4 Be7 7.Nc3 cxd4 8.exd4 d5
9.Qe2 O-O 10.Rd1 Nc6 11.cxd5 Nxd5 12.Nxd5 Qxd5 13.Be4 Qh5 14.d5 Ne5 15.d6 
Bxe4 16.Qxe4 Nxf3+ 17.gxf3 Bf6 18.d7 Qg6+ 19.Kh1 Qxe4 20.fxe4 Rfd8 21.Bf4 
e5 22.Bg3 Rab8 23.Rac1 Rb7 24.Rc8 Rxd7 25.Rxd7 Rxc8 26.Rxa7 g5 27.Ra6 Rc6 
28.a4 Kg7 29.Kg2 h5 30.h3 Rc4 31.Rxb6 Rxa4 32.f3 Ra2 33.Be1 Be7 34.Bc3 f6 
35.Rb7 Kf8 36.h4 gxh4 37.Kh3 Ra1 38.Kxh4 Rh1+ 39.Kg3 Rg1+ 40.Kh2 Rc1 41.
Rd7 Ke8 42.Rd2 Bc5 43.Re2 Kf7 44.Be1 Rb1 45.Bf2 Be7 46.Kg3 Ke6 47.Be1 Bc5 
48.Bc3 Rg1+ 49.Rg2 h4+ 50.Kh3 Rf1 51.Kxh4 Rxf3 52.Re2 Bf2+ 53.Kg4 Rg3+ 54.
Kh5 Rg5+ 55.Kh6 Bg3 56.Rg2 Kf7 57.Bd2 Rg4 0-1

[Event "40th Pan-American U20"]
[Site "El Salvador ESA"]
[Date "2015.07.20"]
[Round "7.3"]
[White "Solano Cuya, Bryan"]
[Black "Benedetti, Julio"]
[Result "1-0"]
[WhiteElo "2149"]
[BlackElo "2313"]
[EventDate "2015.07.16"]
[PlyCount "83"]

1.d4 Nf6 2.c4 g6 3.Nc3 Bg7 4.e4 d6 5.f4 O-O 6.Bd3 e5 7.fxe5 dxe5 8.d5 c5 
9.Nf3 Ne8 10.O-O Nd6 11.Be3 b6 12.Nb5 Na6 13.Rc1 f6 14.a3 Rf7 15.Qe1 Qf8 
16.Qh4 Bd7 17.b3 Nxb5 18.cxb5 Nc7 19.b4 c4 20.Bxc4 Qd6 21.a4 Raf8 22.Bd3 
a6 23.Bc5 bxc5 24.bxc5 Qe7 25.d6 Qd8 26.dxc7 Qxc7 27.c6 Be6 28.Qf2 Rb8 29.
bxa6 Bf8 30.Bb5 Bb4 31.Rfd1 Kg7 32.Qb2 Qa5 33.Kh1 Bg4 34.Nxe5 Bxd1 35.Nxf7
Bxa4 36.Bxa4 Qxa4 37.c7 Rc8 38.Ra1 Qd7 39.Qxb4 Qxc7 40.Nd6 Rb8 41.a7 Ra8 
42.Qb7 1-0

[Event "40th Pan-American U20"]
[Site "El Salvador ESA"]
[Date "2015.07.20"]
[Round "7.4"]
[White "Escalante Ramirez, Brian Sebas"]
[Black "Husbands, Orlando"]
[Result "1/2-1/2"]
[WhiteElo "2389"]
[BlackElo "2234"]
[EventDate "2015.07.16"]
[PlyCount "74"]

1.e4 c5 2.Nf3 d6 3.d4 cxd4 4.Nxd4 Nf6 5.f3 e5 6.Nb3 Be7 7.c4 a5 8.Be3 a4 
9.N3d2 Qa5 10.Na3 O-O 11.Be2 Bd8 12.Nb5 Bb6 13.Bxb6 Qxb6 14.Nb1 Rd8 15.
N1c3 Qa5 16.O-O Bd7 17.Kh1 Bxb5 18.cxb5 a3 19.b4 Qxb4 20.Nd5 Nxd5 21.Qxd5 
Nd7 22.Qxb7 Rab8 23.Qd5 Nb6 24.Qb3 Qxb3 25.axb3 Ra8 26.Rfc1 Rdc8 27.Rc6 
Rxc6 28.bxc6 Kf8 29.Kg1 Ke7 30.Bb5 Kd8 31.Kf2 Kc7 32.Ke1 Ra5 33.Ba4 Nxa4 
34.Rxa3 Rb5 35.Rxa4 Rxb3 36.Ra7+ Kxc6 37.Rxf7 Rb2 1/2-1/2

[Event "40th Pan-American U20"]
[Site "El Salvador ESA"]
[Date "2015.07.20"]
[Round "7.5"]
[White "Hernandez, Mauricio Daniel"]
[Black "Lopez Gonzalez, Abel Fabian"]
[Result "0-1"]
[WhiteElo "1926"]
[BlackElo "2251"]
[EventDate "2015.07.16"]
[PlyCount "108"]

1.e4 c5 2.c3 Nf6 3.e5 Nd5 4.d4 cxd4 5.cxd4 Nc6 6.Nf3 d6 7.Bc4 Nb6 8.Bb3 d5
9.h3 Bf5 10.O-O e6 11.Nc3 Be7 12.Be3 Rc8 13.Bc2 Bxc2 14.Qxc2 a6 15.Nd2 
Nxe5 16.dxe5 d4 17.Bxd4 Qxd4 18.Nf3 Qc4 19.Rac1 O-O 20.Rfd1 h6 21.Qe4 Qxe4
22.Nxe4 Nd5 23.Nd4 Rfd8 24.Nb3 b6 25.Kh2 f5 26.exf6 gxf6 27.Nd4 Kf7 28.Nc6
Rg8 29.g3 Rge8 30.a3 Bf8 31.f4 Kg6 32.h4 h5 33.Kh3 b5 34.b4 Ne3 35.Rd7 Nc4
36.Na7 Rcd8 37.Rxd8 Rxd8 38.a4 Bxb4 39.axb5 axb5 40.Nxb5 Ne3 41.Rb1 Be7 
42.Re1 Ng4 43.Re2 Rd3 44.Kg2 Ne3+ 45.Kf2 Nf5 46.Rd2 Rb3 47.Nc7 Bb4 48.Ra2 
Nd4 49.Na6 f5 50.Nd2 Bxd2 51.Rxd2 Nf3 52.Rd8 Nh2 53.Rd2 Ng4+ 54.Kg2 Ne3+ 
0-1

[Event "40th Pan-American U20"]
[Site "El Salvador ESA"]
[Date "2015.07.20"]
[Round "7.6"]
[White "Hernandez Sanchez, Jairo Andre"]
[Black "Singh, Vishnu"]
[Result "1-0"]
[WhiteElo "2381"]
[BlackElo "2200"]
[EventDate "2015.07.16"]
[PlyCount "53"]

1.e4 c5 2.Nf3 Nc6 3.Bb5 g6 4.O-O Bg7 5.Nc3 Nd4 6.Nxd4 cxd4 7.Ne2 a6 8.Ba4 
b5 9.Bb3 Bb7 10.d3 e6 11.f4 Ne7 12.Qe1 O-O 13.Qf2 Nc6 14.f5 exf5 15.exf5 
Qf6 16.Bd2 Qxf5 17.Qxf5 gxf5 18.Ng3 Be5 19.Nxf5 Kh8 20.Nh6 f6 21.Nf7+ Kg7 
22.Bh6+ Kg6 23.Bxf8 Rxf8 24.Nxe5+ Nxe5 25.Rf4 h5 26.Rxd4 Re8 27.h3 1-0

[Event "40th Pan-American U20"]
[Site "El Salvador ESA"]
[Date "2015.07.20"]
[Round "7.7"]
[White "Arias, Daniel"]
[Black "Santiago Vilca, Christian"]
[Result "1-0"]
[WhiteElo "2242"]
[BlackElo "1922"]
[EventDate "2015.07.16"]
[PlyCount "65"]

1.e4 c5 2.Nf3 e6 3.d4 cxd4 4.Nxd4 a6 5.Nc3 Qc7 6.g3 Nf6 7.Bg2 Nc6 8.Be3 
Bb4 9.O-O Bxc3 10.bxc3 Ne5 11.Ne2 h6 12.h3 Nc4 13.Bc1 e5 14.g4 d6 15.Ng3 
h5 16.g5 Ng8 17.Nf5 Rh7 18.Qd5 Kf8 19.Nxd6 Qxd6 20.Qxc4 Be6 21.Qe2 Qc5 22.
Qd2 Ke8 23.Rd1 Rc8 24.Bb2 Ne7 25.a4 Ng6 26.Kh2 f6 27.a5 Kf7 28.Rdb1 Qc7 
29.Ba3 Rhh8 30.Rb6 Rcd8 31.Bd6 Bc8 32.Qd5+ Be6 33.Qxe6+ 1-0

[Event "40th Pan-American U20"]
[Site "El Salvador ESA"]
[Date "2015.07.20"]
[Round "7.8"]
[White "Ampie, Mauro"]
[Black "Colorado, Efrain"]
[Result "1-0"]
[WhiteElo "2193"]
[BlackElo "1841"]
[EventDate "2015.07.16"]
[PlyCount "56"]

1.e4 e5 2.Nf3 Nc6 3.d4 exd4 4.Bc4 Be7 5.c3 Na5 6.Be2 dxc3 7.Nxc3 d6 8.O-O 
Nf6 9.e5 Nd7 10.exd6 Bxd6 11.Nb5 Bc5 12.b4 Bxb4 13.Bf4 O-O 14.Nxc7 Nb6 15.
Nxa8 Qxd1 16.Rfxd1 Nxa8 17.Be3 Nb6 18.Rab1 Nc6 19.Ne5 Nxe5 20.Bxb6 a5 21.
Rd8 Rxd8 22.Bxd8 Bf5 23.Rd1 Be6 24.a3 Bc3 25.Rb1 Nc6 26.Bc7 Bc8 27.Bf3 Nd4
28.Bxb7 Bf5 1-0

[Event "40th Pan-American U20"]
[Site "El Salvador ESA"]
[Date "2015.07.20"]
[Round "7.9"]
[White "Lopez Raygoza, Luis Albert"]
[Black "Squella Lavin, Carlos Felipe"]
[Result "1/2-1/2"]
[WhiteElo "2138"]
[BlackElo "2183"]
[EventDate "2015.07.16"]
[PlyCount "69"]

1.e4 e6 2.d4 d5 3.Nc3 Bb4 4.e5 c5 5.a3 Bxc3+ 6.bxc3 Qc7 7.Qg4 f5 8.Qg3 Nc6
9.Nf3 cxd4 10.Bb5 Ne7 11.Qxg7 Rg8 12.Qxh7 Bd7 13.Qh5+ Ng6 14.O-O O-O-O 15.
cxd4 Rg7 16.Qh6 Rdg8 17.Qe3 Qd8 18.Rd1 f4 19.Qc3 Nh4 20.Bxf4 Rxg2+ 21.Kf1 
Nxf3 22.Qxf3 Rg1+ 23.Ke2 Nxd4+ 24.Rxd4 Bxb5+ 25.Kd2 Qb6 26.Qc3+ Bc4 27.
Rxg1 Rxg1 28.Bg3 Qb1 29.Ke3 Qc1+ 30.Kf3 Qf1 31.Kf4 Qh3 32.Kg5 Qf5+ 33.Kh6 
Qh3+ 34.Kg6 Qf5+ 35.Kh6 1/2-1/2

[Event "40th Pan-American U20"]
[Site "El Salvador ESA"]
[Date "2015.07.20"]
[Round "7.10"]
[White "Ortiz Perez, Carlos"]
[Black "Carrera Gonzalez, Enmanuel"]
[Result "0-1"]
[WhiteElo "1901"]
[BlackElo "2171"]
[EventDate "2015.07.16"]
[PlyCount "62"]

1.e4 c5 2.Nf3 e6 3.d4 cxd4 4.Nxd4 Nc6 5.Nc3 Qc7 6.Be3 a6 7.Be2 Nf6 8.O-O 
Bb4 9.f3 O-O 10.Qd2 d5 11.Nxc6 bxc6 12.exd5 cxd5 13.Qd3 Bxc3 14.bxc3 a5 
15.Rfe1 Ba6 16.Qd2 Bxe2 17.Rxe2 Nd7 18.Qd4 Rfc8 19.Bd2 Qb6 20.Rc1 Qb2 21.
Qa4 Nb6 22.Qg4 Nc4 23.Bh6 Qxc3 24.Rd1 Qf6 25.Bf4 Ra6 26.Rxd5 Qa1+ 27.Kf2 
f5 28.Qh5 g6 29.Qh6 exd5 30.Re7 Qh8 31.h4 Rf6 0-1

[Event "40th Pan-American U20"]
[Site "El Salvador ESA"]
[Date "2015.07.20"]
[Round "7.11"]
[White "Melara, Moises"]
[Black "Puppi Lazo, Jorge Luis"]
[Result "0-1"]
[WhiteElo "1772"]
[BlackElo "2111"]
[EventDate "2015.07.16"]
[PlyCount "122"]

1.e4 c5 2.Nc3 e6 3.g3 d5 4.e5 Nc6 5.f4 h5 6.Nf3 Nge7 7.d4 Nf5 8.Ne2 Qa5+ 
9.c3 Bd7 10.Bg2 Qb6 11.Qd3 Rc8 12.O-O cxd4 13.cxd4 Nb4 14.Qd1 Nc2 15.Rb1 
Nce3 16.Bxe3 Nxe3 17.Qd2 Nxf1 18.Rxf1 g6 19.h4 Qb4 20.Qe3 Bh6 21.Ng5 Bxg5 
22.fxg5 O-O 23.Nf4 Bb5 24.Rf2 Qa4 25.b3 Qa3 26.Kh2 Qc1 27.Qxc1 Rxc1 28.a4 
Bd7 29.Nd3 Rd1 30.Bf1 b6 31.Nb2 Rxd4 32.Bd3 Rc8 33.Rf6 Be8 34.Kg1 Rc3 35.
Be2 Rxb3 36.Nd1 Rb1 37.Rf1 Bxa4 38.Nc3 Rxf1+ 39.Kxf1 Bd7 40.Ba6 Rb4 41.Ke2
d4 42.Ne4 Bb5+ 43.Bxb5 Rxb5 44.Kd3 Rxe5 45.Nf6+ Kg7 46.Kxd4 Rf5 47.Ne4 a5 
48.Kc4 b5+ 49.Kb3 Rf3+ 50.Kb2 a4 51.Nd6 Rxg3 52.Nxb5 Rb3+ 53.Ka2 Rxb5 54.
Ka3 e5 55.Kxa4 Rb8 56.Ka5 e4 57.Ka6 e3 58.Ka7 Rb2 59.Ka6 e2 60.Ka5 e1=R 
61.Ka4 Ra1# 0-1

[Event "40th Pan-American U20"]
[Site "El Salvador ESA"]
[Date "2015.07.20"]
[Round "7.12"]
[White "Rodriguez, Wilfredo"]
[Black "Giron, Jorge Ernesto"]
[Result "0-1"]
[WhiteElo "1631"]
[BlackElo "2223"]
[EventDate "2015.07.16"]
[PlyCount "110"]

1.e4 c5 2.Nf3 d6 3.d4 cxd4 4.Nxd4 Nf6 5.Nc3 a6 6.Bg5 e6 7.f4 h6 8.Bh4 Be7 
9.Qf3 Nbd7 10.Bc4 g5 11.fxg5 Ne5 12.Qe2 Nfg4 13.h3 Nxc4 14.Qxc4 Ne5 15.Qe2
Bxg5 16.Bxg5 Qxg5 17.Nf3 Qg3+ 18.Kd2 Rg8 19.Rag1 Qf4+ 20.Kd1 b5 21.Qd2 
Qxd2+ 22.Nxd2 Bb7 23.Nf3 Nc4 24.b4 Rc8 25.Ke2 Ne5 26.Kd2 Rg3 27.Ne2 Nxf3+ 
28.gxf3 Rxf3 29.Rg3 Bxe4 30.Rxf3 Bxf3 31.Rh2 Bxe2 32.Rxe2 Rc4 33.a3 Ke7 
34.Rg2 Rh4 35.Rg3 e5 36.Rc3 Kd7 37.Rf3 Ke6 38.Rc3 Kd5 39.Rc7 Rxh3 40.Rxf7 
Rxa3 41.Rh7 a5 42.bxa5 Rxa5 43.Rxh6 b4 44.Rg6 Ra3 45.Rh6 Rg3 46.Rh8 b3 47.
cxb3 Rxb3 48.Rd8 e4 49.Ke2 Ke5 50.Re8+ Kd4 51.Rh8 d5 52.Rh5 Rb2+ 53.Kd1 e3
54.Kc1 Rg2 55.Kd1 Kd3 0-1